00346nam a2200157Ia 4500003000400000005001700004008004000021020001800061040000700079041000800086082001700094100001900111245002400130260002600154300000800180OSt20260220141937.0210210b1980 xxu||||| |||| 00| 0 eng d a0 586 20831 3 cAL aeng a823.914 BRAW aBarbara Taylor aWoman of substance. aLondonbGraftonc1980 a878